LEADER 00860nam0-22003011i-450- 001 990005290650403321 005 20060123140223.0 035 $a000529065 035 $aFED01000529065 035 $a(Aleph)000529065FED01 035 $a000529065 100 $a19990604d1965----km-y0itay50------ba 101 0 $aita 105 $ay-------001yy 200 1 $a<>handbook of greek mythology$eIncluding its extension to Rome$fH.J. Rose 210 $aLondon$cMethuen$d1965 215 $aVIII, 363 p.$d21 cm 225 1 $aUniversity Paperbacks$v70 610 0 $aMitologia greca 676 $a292.13$v21$zita 700 1$aRose,$bH.J.$0182750 801 0$aIT$bUNINA$gRICA$2UNIMARC 901 $aBK 912 $a990005290650403321 952 $a292.13 ROS 3$bST.REL. 127$fFLFBC 959 $aFLFBC 996 $aHandbook of greek mythology$9537986 997 $aUNINA LEADER 01571nam0-2200361---450 001 990005766070203316 005 20190403125027.0 035 $a000576607 035 $aUSA01000576607 035 $a(ALEPH)000576607USA01 035 $a000576607 100 $a20080519e19871691|||y0itaa50------ba 101 $alat 102 $ait 200 1 $aNova Encyclopaedia [microforma], sive novus doctrinarum orbis in quo Scientiae omnes tam Divinae, quam Humanae, necnon et artes tum liberales, tum mechanicae, iuxta Veterum et Recentiorum inventa Libris VII pertractantur$fHyacinthi Gimma 210 $a[Bari$cBiblioteca Nazionale Sagarrica-Visconti$d1987] 215 $a4 microfilm. Riprod. dei Mss. I/113-116, sette volumi in 4 tomi, Biblioteca Sagarrica-Visconti di Bari, Mss. I/113-116, sette volumi in quattro tomi. 517 1 $aNova Hyacinthi Gimma Encyclopaedia$3SA0026217 700 1$aGIMMA,$bGiacinto$069000 801 0$aIT$bSA$c20111219 912 $a990005766070203316 950 0$aDipar.to di Filosofia - Salerno$dDFMICR A 58$e2855 FIL 951 $aMICR A 58$b2855 FIL 951 $aMICR A 58$b5004 FIL 951 $aMICR A 58$b5005 FIL 951 $aMICR A 58$b5033 FIL 959 $aBK 969 $aFIL 979 $c20121027$lUSA01$h1526 979 $c20121027$lUSA01$h1615 996 $aNova Encyclopaedia , sive novus doctrinarum orbis in quo Scientiae omnes tam Divinae, quam Humanae, necnon et artes tum liberales, tum mechanicae, iuxta Veterum et Recentiorum inventa Libris VII pertractantur$91082245 997 $aUNISA NUM $aSA0025901